000 01126cam a2200313Ma 4500
001 100352
005 20230410105445.0
008 001023s1975 mx 000 0 und d
035 _a(OCoLC)ocn642039558
040 _aESLEO
_bspa
_cESLEO
_dBNMEX
_dOCLCQ
035 _a(OCoLC)642039558
050 1 4 _aHC 125
_bS471e 1975
082 0 0 _a330.15098
111 2 _aSeminario de Teoría del Desarrollo
_d(1973 :
_cMéxico)
245 1 0 _aEn torno al capitalismo latinoamericano /
_cSeminario de teoría del desarrollo ; Alonso Aguilar M. ... [et al.].
260 _aMéxico :
_bUNAM, Instituto de Investigaciones Económicas,
_c1975.
300 _a155 p. ;
_c18 cm.
440 0 _aSeminario de teoría del desarrollo ;
_v1
651 0 _aLatin America
_xEconomic conditions.
650 0 _aCapitalism.
650 4 _aCapitalismo
_zAmérica Latina.
651 4 _aAmérica Latina
_xCondiciones económicas.
650 4 _a20151000
700 2 _aAguilar Monteverde, Alonso.
710 2 _aUniversidad Nacional Autónoma de México.
_bSeminario de Teoría del Desarrollo.
942 _2lcc
_cbk
994 _aC0
_bDRFGD
946 _aJPR
999 _c37086
_d37086